00526nam a2200145 a 450000100100000000500170001000800410002704000250006808200150009311000270010824000180013524500940015326001120024730000210035900002810720200930031344.0110406s2004 dr 000 0 spa d aDO-SdBNPbspacBNPHU axxxbR426d1 aRepública Dominicana10a[Leyes, etc.]10aProyecto de Ley de implementación del Proceso Penal :binstituido por la ley no. 76-02. aSanto Domingo :bComisión Nacional de Ejecución de la Reforma del Proceso Penal,c2004.fEditora Búho a30 cm. ;c21 cm.